| 000 | 00397nam a2200157Ia 4500 | ||
|---|---|---|---|
| 008 | 210716s1994 xx 000 0 und d | ||
| 020 | _a8170294940 | ||
| 041 | _aeng | ||
| 082 | _a006.37 SOCJ | ||
| 100 | _aSocha, John;Hall, Devra. | ||
| 245 | _aTeach yourself visual basic 3.0. | ||
| 250 | _a1 | ||
| 260 |
_aNew Delhi _bBPB Publications _c1994 |
||
| 300 | _axxii,496 | ||
| 650 | _aVisual Basic | ||
| 999 |
_c183023 _d183023 |
||